Southville International School and Colleges
Your cart is empty.
  • Cart
  • Lists
    Public lists Eva Luna New books Lux_list list_1
    Your lists Log in to create your own lists
  • Log in to your account
  • Your cookies
  • Search history
Southville International School and Colleges
  • Advanced search
  • Recent comments
  • Most popular
  • Libraries

Log in to your account

Log in with GOOGLE


If you do not have an external account, but do have a local account, you can still log in:

  1. Home
  2. MARC view: Badly drawn dog /
Normal view MARC view ISBD view

Badly drawn dog / (Record no. 105739)

[ view plain ]
MARC details
000 -LEADER
fixed length control field 00468nam a2200169 a 4500
005 - DATE AND TIME OF LATEST TRANSACTION
control field 20140412111413.0
008 - FIXED-LENGTH DATA ELEMENTS--GENERAL INFORMATION
fixed length control field 070221s19uu xx 00 eng d
020 ## - INTERNATIONAL STANDARD BOOK NUMBER
International Standard Book Number 0-7641-5814-7
050 ## - LIBRARY OF CONGRESS CALL NUMBER
Classification number TR(PS E
Item number Ba11 2005
100 ## - MAIN ENTRY--PERSONAL NAME
Personal name Dodson, Emma
245 ## - TITLE STATEMENT
Title Badly drawn dog /
Statement of responsibility, etc Emma Dodson.
260 ## - PUBLICATION, DISTRIBUTION, ETC. (IMPRINT)
Place of publication, distribution, etc London :
Name of publisher, distributor, etc Barron's educational series,
Date of publication, distribution, etc 2005.
650 ## - SUBJECT ADDED ENTRY--TOPICAL TERM
Topical term or geographic name as entry element Dogs-fiction
650 ## - SUBJECT ADDED ENTRY--TOPICAL TERM
Topical term or geographic name as entry element Self acceptance-fiction
650 ## - SUBJECT ADDED ENTRY--TOPICAL TERM
Topical term or geographic name as entry element Children stories
Holdings
Withdrawn status Lost status Damaged status Use restrictions Home library Current library Shelving location Date acquired Source of acquisition Total Checkouts Full call number Barcode Date last seen Price effective from Koha item type
        Elizalde Library Elizalde Library Teachers Reference Section 02/21/2007     TR(PS E Ba11 2005 E10582 04/12/2014 04/12/2014 Books

Badly drawn dog /

APA

Dodson E., . (2005). Badly drawn dog. London: Barron's educational series.

Chicago

Dodson Emma, . 2005. Badly drawn dog. London: Barron's educational series.

Harvard

Dodson E., . (2005). Badly drawn dog. London: Barron's educational series.

MLA

Dodson Emma, . Badly drawn dog. London: Barron's educational series. 2005.

  • Place hold
  • Print
  • Cite
  • Add to your cart (remove)
  • Save record
    BIBTEX Dublin Core MARCXML MARC (non-Unicode/MARC-8) MARC (Unicode/UTF-8) MARC (Unicode/UTF-8, Standard) MODS (XML) RIS
  • More searches
    Search for this title in:
    Other Libraries (WorldCat) Other Databases (Google Scholar) Online Stores (Bookfinder.com) Open Library (openlibrary.org)

Exporting to Dublin Core...

SOUTHVILLE LIBRARY

Southville International School and Colleges Library

1281 Tropical Ave. Cor. Luxembourg St., BF Homes International, Las Pinas City

Tel. No. 8256374 / 252358 Loc. 117/146

Powered by Koha